| 000 | 00439nam a2200169Ia 4500 | ||
|---|---|---|---|
| 005 | 20250424120338.0 | ||
| 008 | 250424s9999 xx 000 0 und d | ||
| 022 | _a24085820 | ||
| 050 | _aP 53 .Z35/ | ||
| 245 | 0 | _aZaria journal of communication (Zajcom) | |
| 260 | _aZaria | ||
| 260 | _bBlackwell publishing | ||
| 260 | _c2013 | ||
| 300 | _avi, 176 p. ; :ill. 24 cm. | ||
| 650 | _acommunication--Nigeria--Periodicals. | ||
| 942 | _cSR | ||
| 999 |
_c38786 _d38786 |
||